000 00287nam a2200109Ia 4500
008 200302s9999 xx 000 0 und d
100 _aElizabeth Wilhide
245 _aThe French Room Simple French Style for your Home
260 _bConran Octopus Ltd.
260 _c1989
300 _a128 P.,
999 _c1579
_d1579